| 000 | 00443nam a2200181Ia 4500 | ||
|---|---|---|---|
| 003 | OSt | ||
| 005 | 20220511122952.0 | ||
| 008 | 210210b2004 xxu||||| |||| 00| 0 eng d | ||
| 040 |
_aAL _c |
||
| 082 | _a346.065 ICFB | ||
| 100 |
_aICFAI UNIVERSITY. _936032 |
||
| 245 | _aBusiness law: workbook. | ||
| 260 |
_aHyderabad _bThe ICFAI University _c2004 |
||
| 300 | _a123 | ||
| 690 |
_aBusiness Law _936033 |
||
| 906 | _a061669 | ||
| 942 |
_2ddc _cBK |
||
| 999 |
_c108480 _d108480 |
||